[Event "Challenge"]
[Site "http://www.queenalice.com/game.php?id=1101288"]
[Date "2012.9.9"]
[Round "-"]
[White "elena"]
[Black "albertopontello"]
[Result "1-0"]
[WhiteElo "1923"]
[BlackElo "1980"]

1. Nf3 Nc6 2. c3 Nf6 3. d4 d5 4. Nbd2 Bf5 5. h3 e6 6. Nh4 Ne7 7. Nxf5 Nxf5 8.
Nf3 Be7 9. Ne5 Ne4 10. g3 f6 11. Nf3 Bd6 12. Nd2 Nfxg3 13. Rg1 Nxd2 14. Bxd2 Nf5
15. Qa4+ c6 16. O-O-O Qd7 17. Kb1 Qc7 18. Qb3 a5 19. Bc1 Ra6 20. e3 Rb6 21. Qa4
O-O 22. Bd3 Ne7 23. Qc2 g6 24. h4 f5 25. h5 c5 26. c4 dxc4 27. Qxc4 Qc8 28. Bd2
Ra6 29. Qc2 Ra7 30. Bc4 cxd4 31. exd4 Kf7 32. hxg6+ hxg6 33. Rde1 Nd5 34. Rc1
Qd7 35. Bxd5 exd5 36. Rge1 a4 37. Rh1 Kg8 38. Rh3 b5 39. a3 Rb7 40. Rch1 Be7 41.
Bb4 Rf7 42. Bxe7 Qxe7 43. Qc8+ Kg7 44. Qh8# 1-0

[Event "Challenge"]
[Site "http://www.queenalice.com/game.php?id=1101609"]
[Date "2012.9.10"]
[Round "-"]
[White "albertopontello"]
[Black "elena"]
[Result "0-1"]
[WhiteElo "1962"]
[BlackElo "1941"]

1. e4 e5 2. Nf3 d6 3. h3 Nf6 4. Nc3 a6 5. Bc4 h6 6. d3 Bd7 7. Nd5 Nxd5 8. Bxd5
Bc6 9. Bxc6+ Nxc6 10. Bd2 Be7 11. Bc3 Bf6 12. Ng1 O-O 13. Qg4 Qc8 14. Qg3 Nd4
15. O-O-O Nb5 16. Bd2 Kh7 17. Rf1 Qe6 18. Kb1 a5 19. c3 a4 20. Nf3 a3 21. b3 c5
22. Nh4 Bxh4 23. Qxh4 d5 24. Re1 d4 25. c4 Nc7 26. g4 f6 27. Qg3 Kg8 28. h4 Kf7
29. f4 Ke7 30. fxe5 fxe5 31. Ref1 b5 32. g5 Rxf1+ 33. Rxf1 Rf8 34. Rxf8 Kxf8 35.
Ba5 Qe7 36. g6 Ke8 37. Qf2 Ne6 38. Qf5 bxc4 39. dxc4 Qf6 40. b4 cxb4 41. Bxb4 d3
42. c5 Kd7 43. Qxf6 gxf6 44. Bxa3 Kc6 45. Kc1 h5 46. Kd2 Kb5 47. Kxd3 Nf4+ 48.
Ke3 Nxg6 49. Kf3 Nxh4+ 50. Kg3 Ng6 51. Kf3 Kc6 52. Bb4 Ne7 53. Kg3 f5 54. Kh4
fxe4 55. Kxh5 Nd5 56. a3 e3 57. Kg4 Nxb4 58. Kf3 Nc2 59. a4 Kxc5 60. a5 Kb5 61.
a6 Kxa6 62. Ke2 Kb5 63. Kd3 Nd4 64. Kxe3 Kc5 65. Ke4 Kd6 66. Ke3 Kd5 67. Kd3 e4+
68. Ke3 Nf5+ 69. Kf4 Kd4 70. Kg4 e3 71. Kf3 Kd3 72. Kg2 e2 73. Kf2 Kd2 0-1

[Event "Challenge"]
[Site "http://www.queenalice.com/game.php?id=1121429"]
[Date "2012.11.12"]
[Round "-"]
[White "elena"]
[Black "albertopontello"]
[Result "1-0"]
[WhiteElo "1958"]
[BlackElo "1968"]

1. Nf3 Nc6 2. e3 e5 3. d3 Nf6 4. c3 Bc5 5. Be2 d6 6. Nbd2 h6 7. Nb3 Bb6 8. d4
exd4 9. Nbxd4 Nxd4 10. Nxd4 Ne4 11. Bf3 Nf6 12. h3 c6 13. Nxc6 Qc7 14. Nd4 O-O
15. Qc2 d5 16. Qe2 Re8 17. Bg4 Ba5 18. Bd2 Qb6 19. Nb3 Ne4 20. Nxa5 Nxd2 21.
Qxd2 Qxa5 22. Bxc8 Raxc8 23. O-O Rcd8 24. Rfd1 Qc7 25. Qe2 Re6 26. Rd4 Qe5 27.
Rad1 Rg6 28. Qf3 Rf6 29. Qg3 Qf5 30. e4 Qh5 31. Qg4 Qe5 32. f3 Rg6 33. Qh4 Rgd6
34. Qe1 Qg5 35. R1d2 Qh5 36. Rxd5 Rxd5 37. Rxd5 Rxd5 38. exd5 Qxd5 39. Qe8+ Kh7
40. Qe4+ Qxe4 41. fxe4 Kg6 42. Kf2 Kf6 43. Ke3 Ke5 44. b4 b6 45. g3 g6 46. a4 f6
47. c4 g5 48. h4 h5 49. a5 bxa5 50. bxa5 gxh4 51. gxh4 Kd6 52. Kd4 a6 53. c5+
Kc6 54. Kc4 Kd7 55. Kd5 Kc7 56. c6 Kb8 57. Kd6 Kc8 58. c7 Kb7 59. Kd7 f5 60.
c8=Q+ Ka7 61. Kc7 fxe4 62. Qb7# 1-0

[Event "Challenge"]
[Site "http://www.queenalice.com/game.php?id=1131341"]
[Date "2012.12.15"]
[Round "-"]
[White "albertopontello"]
[Black "elena"]
[Result "0-1"]
[WhiteElo "1938"]
[BlackElo "1974"]

1. e4 e5 2. Nf3 f6 3. Nh4 Nh6 4. Bc4 Qe7 5. d3 d6 6. Bxh6 gxh6 7. Qh5+ Kd8 8.
Nf5 Bxf5 9. exf5 Nd7 10. Nc3 Nb6 11. Be6 c6 12. O-O-O Kc7 13. Rhe1 Qg7 14. Kb1
Rd8 15. Re4 Be7 16. Rg4 Qf8 17. Re1 d5 18. d4 Nd7 19. Re3 Bd6 20. Ne2 Re8 21.
dxe5 fxe5 22. Reg3 Nf6 23. Qh3 Nxg4 24. Rxg4 Re7 25. Ra4 a6 26. Qc3 Qg7 27. g3
Qf6 28. Qa5+ Kb8 29. Qb6 Ka8 30. Rxa6+ bxa6 31. Qxa6+ Kb8 32. Qb6+ Rb7 33. Qxc6
Rd8 34. Nc3 e4 35. Bxd5 Rdd7 36. Nb5 Be5 37. Be6 Rd1# 0-1

[Event "Challenge"]
[Site "http://www.queenalice.com/game.php?id=1158019"]
[Date "2013.3.5"]
[Round "-"]
[White "elena"]
[Black "albertopontello"]
[Result "1-0"]
[WhiteElo "1989"]
[BlackElo "1922"]

1. d4 d5 2. c3 Bf5 3. e3 Nf6 4. Bd3 Qd7 5. Bxf5 Qxf5 6. h3 Ne4 7. Qf3 Qxf3 8.
Nxf3 e6 9. Nbd2 Nxd2 10. Bxd2 Nc6 11. O-O f6 12. a4 Na5 13. Rab1 Nb3 14. Be1 c5
15. Nd2 c4 16. Nxb3 cxb3 17. Bd2 Rc8 18. Ra1 a5 19. Rfe1 Kd7 20. Re2 Rc4 21. e4
dxe4 22. Rxe4 Bd6 23. Rg4 g6 24. Re4 h6 25. Kf1 g5 26. Ke2 b6 27. Kd3 Rhc8 28.
Ree1 Be7 29. f4 Kd6 30. g3 Kd5 31. f5 Bd6 32. Rxe6 R4c6 33. Rxf6 Bxg3 34. Rxc6
Rxc6 35. Rf1 Rf6 36. c4+ Kc6 37. Bc3 Rf7 38. d5+ Kc7 39. Bd4 Bf4 40. f6 h5 41.
h4 Rf8 42. hxg5 Bxg5 43. Rf5 Bh4 44. Rxh5 Bxf6 45. Rf5 Be7 46. Rxf8 Bxf8 47. Kc3
Bd6 48. Kxb3 Kb7 49. Kc3 Bb4+ 50. Kd3 Bd6 51. Ke4 Kc7 52. Be5 1-0

[Event "Challenge"]
[Site "http://www.queenalice.com/game.php?id=1160653"]
[Date "2013.3.13"]
[Round "-"]
[White "albertopontello"]
[Black "elena"]
[Result "0-1"]
[WhiteElo "1909"]
[BlackElo "2002"]

1. e4 e5 2. Nf3 d6 3. Bb5+ Bd7 4. Bc4 h6 5. Nc3 a6 6. h3 b5 7. Bb3 Nf6 8. d3 Be7
9. Nd5 Nxd5 10. Bxd5 Bc6 11. Bb3 Nd7 12. Bd2 Nc5 13. Bd5 Bxd5 14. exd5 Na4 15.
Qc1 Nb6 16. c4 bxc4 17. dxc4 Qd7 18. O-O Qa4 19. b3 Qd7 20. Qc2 Qd8 21. Rae1 a5
22. a4 Bg5 23. Re4 Bxd2 24. Qxd2 Nd7 25. Rg4 Qf6 26. Re1 g5 27. Nd4 Nc5 28. Re3
Qg6 29. Qe1 f5 30. Qb1 e4 31. Ne6 Nxe6 32. Rgxe4 fxe4 33. Rxe4 Kd7 34. dxe6+ Ke7
35. Qe1 Rhf8 36. c5 Rf6 37. cxd6+ cxd6 38. Rc4 Rxe6 39. Rc7+ Kd8 40. Qc3 Qe8 41.
Rb7 Re1+ 42. Kh2 Qe5+ 43. Qg3 Qxg3+ 44. fxg3 Re7 45. Rb5 Kc7 46. Rd5 Re5 47. Rd3
h5 48. Rd4 Kc6 49. g4 hxg4 50. Rxg4 Rb8 51. Rg3 Kc5 52. Rc3+ Kb4 53. Rd3 d5 54.
Rg3 Ka3 0-1

[Event "Challenge"]
[Site "http://www.queenalice.com/game.php?id=1185646"]
[Date "2013.5.29"]
[Round "-"]
[White "elena"]
[Black "albertopontello"]
[Result "0-1"]
[WhiteElo "2014"]
[BlackElo "1839"]

1. Nf3 Nc6 2. c3 Nf6 3. d4 d5 4. Nbd2 Bf5 5. e3 e6 6. h3 a6 7. Nh4 Be4 8. Nxe4
Nxe4 9. Nf3 Ne7 10. Bd3 Nf6 11. Ne5 Nd7 12. Nxd7 Qxd7 13. Qc2 g6 14. h4 h5 15.
Qb3 O-O-O 16. a4 Nc6 17. Bd2 Na5 18. Qc2 Qc6 19. Be2 Bd6 20. b4 Bxb4 21. Bd3 Be7
22. e4 Rhg8 23. e5 Nc4 24. Bxc4 Qxc4 25. Qb2 f6 26. Rb1 b6 27. a5 b5 28. Bf4 Qd3
29. Be3 Qe4 30. O-O Qxh4 31. Qe2 f5 32. f3 Bg5 33. Bf2 Qf4 34. Rfe1 Bh4 35. Red1
Bg3 36. Qe1 h4 37. Qe3 Rh8 38. Qxf4 Bxf4 39. Kf1 g5 40. Ke2 g4 41. fxg4 fxg4 42.
Be3 Rdf8 43. Rf1 Bxe3 44. Kxe3 Kd7 45. Rf4 Rxf4 46. Kxf4 Rg8 47. Rh1 h3 48. gxh3
gxh3 49. Rxh3 Rg2 50. Rh7+ Kc6 51. Re7 Rg6 52. Ke3 Kb7 53. Kd2 Kc8 54. Kc2 Kd8
55. Rh7 Rg2+ 56. Kb3 Rg1 57. Kb4 Ra1 58. Rh6 Ra4+ 59. Kc5 Rc4# 0-1

[Event "Challenge"]
[Site "http://www.queenalice.com/game.php?id=1188174"]
[Date "2013.6.5"]
[Round "-"]
[White "albertopontello"]
[Black "elena"]
[Result "1-0"]
[WhiteElo "1865"]
[BlackElo "1991"]

1. e4 d6 2. Nf3 Nc6 3. d3 h6 4. Be3 Nf6 5. Nbd2 e5 6. h3 Be6 7. a3 Be7 8. Be2
Qd7 9. b3 a6 10. b4 d5 11. exd5 Bxd5 12. Qb1 Be6 13. c3 Nd5 14. Qb2 Nxe3 15.
fxe3 Bf6 16. e4 a5 17. b5 Na7 18. a4 Nc8 19. Nb3 b6 20. O-O-O Nd6 21. d4 exd4
22. Nbxd4 Nxe4 23. Bd3 Nc5 24. Nxe6 Nxd3+ 25. Rxd3 Qxd3 26. Nxc7+ Kf8 27. Nxa8
Bxc3 28. Qa3+ Kg8 29. Qa2 Qe3+ 30. Nd2 Qf2 31. Qd5 Bb4 32. Kd1 Kh7 33. Rf1 Qxd2+
34. Qxd2 Bxd2 35. Nxb6 Rd8 36. Kc2 Kg6 37. Rd1 Bg5 38. Rxd8 Bxd8 39. Nc4 Kg5 40.
b6 Kh4 41. b7 Bc7 42. Nxa5 Kg3 43. Nc6 g5 44. b8=Q Bxb8 45. Nxb8 f5 46. a5 Kxg2
47. a6 g4 48. hxg4 fxg4 49. a7 g3 50. a8=Q+ Kh2 51. Nd7 g2 52. Ne5 Kg3 53. Nf3
h5 54. Kd2 h4 55. Ke2 h3 56. Qg8+ Kf4 57. Qg5+ 1-0

[Event "Challenge"]
[Site "http://www.queenalice.com/game.php?id=1216598"]
[Date "2013.9.12"]
[Round "-"]
[White "elena"]
[Black "albertopontello"]
[Result "0-1"]
[WhiteElo "1953"]
[BlackElo "1971"]

1. d4 d5 2. c3 Bf5 3. Nd2 Nf6 4. Ngf3 e6 5. Ne5 Nbd7 6. Ndf3 Bd6 7. Qa4 O-O 8.
Bg5 c6 9. Nxd7 Qxd7 10. Bxf6 gxf6 11. g4 Bg6 12. h4 Rfe8 13. Nd2 h5 14. gxh5
Bxh5 15. Bg2 Kf8 16. Bf3 Bg6 17. h5 Bh7 18. e4 Qc8 19. O-O-O b5 20. Qc2 Ke7 21.
Rdg1 Bf4 22. Kd1 Bh6 23. Be2 Bxd2 24. Qxd2 Bxe4 25. Rh4 Bh7 26. Bd3 Rh8 27. Bxh7
Rxh7 28. h6 Qa6 29. a3 Qa4+ 30. Qc2 Qxc2+ 31. Kxc2 Rah8 32. Rgh1 f5 33. f4 Rg8
34. Kb3 Rg2 35. Rb1 a5 36. a4 Kf6 37. Ka3 Kg6 38. Rbh1 Rg4 39. b4 axb4+ 40. Kxb4
bxa4 41. Kxa4 Rxh4 42. Rxh4 Rxh6 43. Rxh6+ Kxh6 44. Kb4 Kh5 45. Kc5 Kg4 46. Kxc6
Kxf4 47. Kd6 Ke4 0-1

[Event "Challenge"]
[Site "http://www.queenalice.com/game.php?id=1217414"]
[Date "2013.9.16"]
[Round "-"]
[White "albertopontello"]
[Black "elena"]
[Result "1-0"]
[WhiteElo "1946"]
[BlackElo "1970"]

1. e4 e5 2. Nf3 d6 3. Bc4 Nf6 4. d3 Bd7 5. Ng5 Bg4 6. Bxf7+ Ke7 7. f3 Bh5 8. Bd5
c6 9. Bb3 h6 10. Ne6 Qd7 11. Nc3 Bf7 12. Nxf8 Rxf8 13. Bxf7 Rxf7 14. g4 Nh7 15.
h4 Na6 16. g5 hxg5 17. hxg5 g6 18. Rh6 Rg7 19. Qe2 Rh8 20. Be3 b6 21. O-O-O Nc7
22. f4 Kd8 23. fxe5 dxe5 24. d4 Kc8 25. d5 c5 26. d6 Ne6 27. Qa6+ Qb7 28. Qc4
Kd7 29. Rd5 Re8 30. Rxe5 Nd4 31. Bxd4 Nxg5 32. Rxg5 Rge7 33. dxe7 Rxe7 34. Bf6
1-0

[Event "Challenge"]
[Site "http://www.queenalice.com/game.php?id=1235129"]
[Date "2013.11.25"]
[Round "-"]
[White "albertopontello"]
[Black "elena"]
[Result "0-1"]
[WhiteElo "1934"]
[BlackElo "1938"]

1. e4 Nc6 2. Nf3 e5 3. Bc4 h6 4. d3 d6 5. Be3 Be7 6. Nc3 Na5 7. Bb3 Nxb3 8. axb3
Bg4 9. h3 Bh5 10. Nb1 Nf6 11. Nc3 a6 12. g4 Bg6 13. Nh4 Bh7 14. Ng2 Nd7 15. Nd5
c6 16. Nxe7 Qxe7 17. Qd2 Qe6 18. Qa5 O-O 19. Qd2 d5 20. exd5 Qxd5 21. Rh2 a5 22.
g5 hxg5 23. Bxg5 f6 24. Bh4 Qd4 25. Ra2 Bg6 26. Bg3 Qb4 27. Ra4 Qxd2+ 28. Kxd2
b5 29. Ra1 Nc5 30. f3 a4 31. b4 Ne6 32. c3 c5 33. Ne3 cxb4 34. cxb4 Nd4 35. Rf1
Bh5 36. f4 Nf3+ 37. Rxf3 Bxf3 38. fxe5 a3 39. bxa3 Rxa3 40. exf6 Rxf6 41. Bh4
Ra2+ 42. Nc2 Rc6 43. Kc1 Bd5 44. Kb1 Rg6 45. Be1 Rg1 46. Re2 Bb3 47. d4 Rxc2 48.
Re3 Ba4 49. d5 Rd2 50. Re5 Rd1+ 51. Kb2 Rgxe1 52. Rf5 Re3 53. h4 Rd2+ 54. Kc1
Rc2+ 55. Kd1 Rh2+ 56. Kc1 Re1# 0-1

[Event "Challenge"]
[Site "http://www.queenalice.com/game.php?id=1243200"]
[Date "2013.12.27"]
[Round "-"]
[White "elena"]
[Black "albertopontello"]
[Result "1-0"]
[WhiteElo "1954"]
[BlackElo "1916"]

1. d4 d5 2. c3 g6 3. Nf3 Nf6 4. Ne5 Nbd7 5. Bf4 Bg7 6. Nxd7 Bxd7 7. h3 Nh5 8.
Be3 Be6 9. Qd2 Nf6 10. Bh6 O-O 11. f3 Qd6 12. Bxg7 Kxg7 13. e3 Nh5 14. f4 Ng3
15. Rg1 Ne4 16. Qe2 Bf5 17. Nd2 Nf6 18. g4 Bd7 19. Qf2 Qb6 20. Nb3 Ne4 21. Qc2
Ba4 22. Bd3 Nf6 23. Qd1 Qe6 24. Qe2 Bd7 25. Nc5 Qc6 26. e4 b6 27. Nxd7 Nxd7 28.
exd5 Qxd5 29. Be4 Qd6 30. Bxa8 Rxa8 31. Qe3 e6 32. h4 Nf6 33. Qe5 Qxe5+ 34. fxe5
Nd5 35. O-O-O Nf4 36. Rd2 Rd8 37. Rf1 Nd5 38. Rd3 b5 39. Rdf3 Rf8 40. Kc2 h6 41.
Kd3 c6 42. a3 Kg8 43. b4 Nb6 44. a4 Nc4 45. axb5 cxb5 46. Ra1 Rd8 47. Kc2 Rd7
48. Ra2 Kf8 49. Ra6 Ke7 50. Rc6 Ke8 51. Rc8+ Ke7 52. Rh8 Nb6 53. Rxh6 Nd5 54.
Rh7 Kf8 55. Rh8+ Kg7 56. Rb8 a6 57. Ra8 Rc7 58. Kb3 Rc6 59. Ra7 Nc7 60. h5 g5
61. h6+ Kxh6 62. Rxf7 Nd5 63. Rh7+ Kg6 64. Rag7# 1-0

[Event "Challenge"]
[Site "http://www.queenalice.com/game.php?id=1286003"]
[Date "2014.6.4"]
[Round "-"]
[White "albertopontello"]
[Black "elena"]
[Result "0-1"]
[WhiteElo "1915"]
[BlackElo "1972"]

1. e4 e5 2. Nf3 f6 3. Bc4 d6 4. Nh4 g6 5. d3 Qe7 6. Nc3 c6 7. Be3 Be6 8. Bxe6
Qxe6 9. f3 Bh6 10. Bxh6 Nxh6 11. Qd2 g5 12. O-O-O Na6 13. a3 O-O-O 14. g4 d5 15.
exd5 cxd5 16. Ng2 Kb8 17. h4 Nf7 18. d4 Nc7 19. Rde1 h6 20. hxg5 Nxg5 21. Rhf1
Qd6 22. f4 Ne4 23. Nxe4 dxe4 24. Rxe4 exd4 25. Rf3 Qc6 26. Rxd4 Rxd4 27. Qxd4
Qxf3 28. Ne3 Qc6 29. g5 Nb5 30. Qd3 hxg5 31. a4 Nc7 32. fxg5 fxg5 33. b3 Re8 34.
Qd4 Qb6 35. Qxb6 axb6 36. Ng4 Nd5 37. Kd2 Re6 38. Kd3 Nb4+ 39. Kc3 Ka7 40. Nf2
Nc6 41. Kd3 Ne5+ 42. Kd4 Nf3+ 43. Kc3 Ka6 44. b4 b5 45. a5 Re3+ 46. Kb2 Nd2 47.
c3 Re2 48. Nd3 Nc4+ 49. Kb3 g4 50. Nc5+ Ka7 51. Na4 bxa4+ 52. Kxc4 a3 53. Kc5 a2
0-1

[Event "Challenge"]
[Site "http://www.queenalice.com/game.php?id=1297187"]
[Date "2014.7.25"]
[Round "-"]
[White "Tavaseba"]
[Black "elena"]
[Result "0-1"]
[WhiteElo "1045"]
[BlackElo "1968"]

1. d4 Nf6 2. e3 d5 3. c3 e6 4. Bd3 a6 5. Qc2 Nc6 6. Qa4 Bd7 7. Qc2 b5 8. Bxh7
Nxh7 9. h4 Nf6 10. Qe2 Ne4 11. h5 Qf6 12. h6 gxh6 13. a4 Na5 14. axb5 Bxb5 15.
Qg4 Nb3 16. Ra3 Nxc1 17. Kd1 Nxf2+ 18. Kxc1 Nxg4 19. Nd2 Nxe3 20. Kb1 Nc4 21.
Rb3 Nxd2+ 22. Kc2 Nxb3 23. Kxb3 Qf2 24. c4 Bxc4+ 25. Kc3 Qe3+ 26. Kc2 Qd3+ 27.
Kc1 h5 28. g4 Bh6+ 0-1

[Event "Challenge"]
[Site "http://www.queenalice.com/game.php?id=1303381"]
[Date "2014.8.22"]
[Round "-"]
[White "elena"]
[Black "albertopontello"]
[Result "0-1"]
[WhiteElo "1969"]
[BlackElo "1901"]

1. Nf3 Nc6 2. e3 e5 3. Nc3 Bb4 4. Bb5 Bxc3 5. Bxc6 dxc6 6. dxc3 Bg4 7. Qxd8+
Rxd8 8. Bd2 e4 9. Nd4 Rd5 10. h3 Bh5 11. g4 Bg6 12. O-O-O c5 13. Ne2 Ne7 14. Nf4
Rg5 15. c4 h5 16. Nxg6 Nxg6 17. Bc3 Nh4 18. Rd5 Rxd5 19. cxd5 f6 20. a4 Nf3 21.
gxh5 Rxh5 22. Ba5 b6 23. Bc3 Rxd5 24. b3 Rf5 25. Kd1 a5 26. Ke2 Kf7 27. Be1 Nxe1
28. Kxe1 Rd5 29. h4 Kg6 30. Ke2 Kh5 31. Rg1 Rd7 32. Rh1 c4 33. bxc4 Rd6 34. Rg1
g6 35. f3 f5 36. fxe4 fxe4 37. Rg5+ Kxh4 38. Re5 g5 39. Rxe4+ g4 40. Re7 Rc6 41.
Re4 Kh3 42. Kf2 g3+ 43. Kf1 Rd6 44. Ke1 g2 45. Kf2 Rd2+ 0-1

[Event "Challenge"]
[Site "http://www.queenalice.com/game.php?id=1310086"]
[Date "2014.9.24"]
[Round "-"]
[White "elena"]
[Black "velecico"]
[Result "1-0"]
[WhiteElo "1970"]
[BlackElo "1518"]

1. Nf3 d5 2. d4 Nf6 3. c3 e6 4. Ne5 Bd6 5. Bf4 O-O 6. Bg3 Bd7 7. Nxd7 Qxd7 8.
Qc2 Nc6 9. Nd2 Bxg3 10. hxg3 h6 11. e3 a6 12. Be2 b5 13. g4 g5 14. Rxh6 Ne4 15.
Nxe4 f6 16. Nxf6+ Rxf6 17. Rxf6 Ne7 18. Rh6 Kf8 19. Qh7 Ke8 20. Qh8+ Kf7 21.
Rh7+ 1-0

[Event "Challenge"]
[Site "http://www.queenalice.com/game.php?id=1317099"]
[Date "2014.10.22"]
[Round "-"]
[White "Tavaseba"]
[Black "elena"]
[Result "0-1"]
[WhiteElo "1045"]
[BlackElo "1967"]

1. h4 Nf6 2. Nf3 Nc6 3. Ng5 h6 4. Nh3 e5 5. h5 Nxh5 6. g4 Nf6 7. e3 d5 8. Bb5
Bxg4 9. Be2 Qd7 10. Ng1 Qf5 11. f3 Bh5 12. Rh4 Qg5 13. Rh1 Qg2 14. Rh3 Qxg1+ 15.
Bf1 e4 16. Qe2 exf3 17. Qh2 Qxh2 18. Rxh2 Bd6 19. Rh4 Bg3+ 20. Kd1 Bxh4 21. c3
f2+ 22. Kc2 Ne4 23. Bd3 Nc5 24. Bf5 f1=Q 25. Bd3 Qd1# 0-1

[Event "Challenge"]
[Site "http://www.queenalice.com/game.php?id=1319878"]
[Date "2014.11.2"]
[Round "-"]
[White "jpribeiro"]
[Black "elena"]
[Result "1-0"]
[WhiteElo "1911"]
[BlackElo "1986"]

1. e4 e5 2. Nf3 f6 3. Nxe5 fxe5 4. Qh5+ g6 5. Qxe5+ Qe7 6. Qxh8 Qxe4+ 7. Kd1 Ne7
8. Nc3 Qg4+ 9. f3 Qh5 10. d4 Nbc6 11. Ne4 Nd5 12. g4 Qh4 13. Bg5 Ne3+ 14. Bxe3
Qe7 15. Bg5 Qb4 16. Nf6+ Kf7 17. Qg8+ 1-0

[Event "Challenge"]
[Site "http://www.queenalice.com/game.php?id=1320135"]
[Date "2014.11.3"]
[Round "-"]
[White "velecico"]
[Black "elena"]
[Result "0-1"]
[WhiteElo "1536"]
[BlackElo "1952"]

1. e4 e6 2. d4 Nc6 3. Nf3 d6 4. Nc3 Nge7 5. Bd3 a6 6. Be3 Ng6 7. g3 e5 8. d5
Nce7 9. O-O Bg4 10. Be2 h5 11. a3 h4 12. Kh1 h3 13. Ng5 Bd7 14. Bg4 Bxg4 15.
Qxg4 Qd7 16. Qxd7+ Kxd7 17. Nxf7 Rh5 18. Ng5 c6 19. Ne6 Rc8 20. Na4 Rb8 21. Nb6+
Ke8 22. c4 Nc8 23. Nxc8 Rxc8 24. b4 Kf7 25. Ra2 Be7 26. c5 Nf8 27. Nxf8 Kxf8 28.
dxc6 Rxc6 29. f4 Ke8 30. fxe5 dxc5 31. bxc5 Rxe5 32. Rf4 Bg5 33. Rf3 Bxe3 34.
Rxe3 Rcxc5 35. Re1 Rc4 36. Rae2 Rc3 37. Rb2 b5 38. Ra2 Rec5 39. Kg1 Rf3 40. e5
Rcc3 41. Rea1 Ke7 42. a4 b4 43. Rb2 a5 44. Kh1 Ra3 45. Kg1 Rxa1+ 0-1

[Event "Challenge"]
[Site "http://www.queenalice.com/game.php?id=1320136"]
[Date "2014.11.3"]
[Round "-"]
[White "elena"]
[Black "velecico"]
[Result "1-0"]
[WhiteElo "1950"]
[BlackElo "1538"]

1. Nf3 d5 2. d4 g6 3. Nbd2 Bg7 4. Nb3 Nf6 5. h3 Bf5 6. e3 b6 7. Ne5 Qd6 8. Bb5+
Nbd7 9. Bxd7+ Nxd7 10. Nf3 O-O 11. Bd2 Bf6 12. Bc3 Be4 13. Nbd2 Qe6 14. Nxe4
Qxe4 15. Qd3 Qxd3 16. cxd3 a5 17. O-O Bg7 18. e4 c6 19. Rfe1 e6 20. e5 h6 21. b4
Kh7 22. bxa5 bxa5 23. Rab1 f5 24. Rb7 Rfd8 25. Nd2 a4 26. a3 Rab8 27. Reb1 Bf8
28. Rxb8 Nxb8 29. Rb7+ Kh8 30. Bb4 Bg7 31. Ra7 h5 32. Rxa4 Nd7 33. Nb3 Bh6 34.
Nc5 Bf8 35. Nxe6 Nb6 36. Nxd8 Nxa4 37. Bxf8 Kg8 38. Bc5 Nxc5 39. dxc5 Kf8 40.
Nxc6 Ke8 41. e6 g5 42. a4 g4 43. a5 1-0

[Event "Challenge"]
[Site "http://www.queenalice.com/game.php?id=1322425"]
[Date "2014.11.16"]
[Round "-"]
[White "albertopontello"]
[Black "elena"]
[Result "1-0"]
[WhiteElo "1920"]
[BlackElo "1954"]

1. e4 e5 2. Nf3 d6 3. Bc4 Be6 4. Bxe6 fxe6 5. d3 Nf6 6. c3 Be7 7. Qb3 Qc8 8. Ng5
d5 9. O-O b6 10. Qb5+ Qd7 11. Qxd7+ Nbxd7 12. Nxe6 Kf7 13. Nxc7 Rac8 14. Nxd5
Nxd5 15. exd5 Nc5 16. Rd1 Bd6 17. Na3 Rcd8 18. c4 a6 19. Be3 Nd7 20. Nb1 Rc8 21.
Nc3 Nc5 22. Ne4 Nxe4 23. dxe4 Rxc4 24. f3 b5 25. b3 Rc2 26. Rdc1 Rhc8 27. Kf1
Ba3 28. Rd1 R8c3 29. Bb6 Ke7 30. Bc7 Bd6 31. Ba5 Re3 32. Bd2 Rd3 33. Bg5+ Kd7
34. Rxd3 Bc5 35. Be3 Ba3 36. Rd2 Rc3 37. Re2 Bd6 38. Rc1 Rd3 39. Bd2 b4 40. Rc6
a5 41. Ra6 1-0